000 01525nam a2200433 i 4500
001 38705
003 KOSZ 005
005 20230109124154.0
008 010111s1990 pl f |000 0 pol d
040 _cKOSZ 005
_aKOSZ 005
_dKOSZ 005/HR
041 1 _apl
046 _k1990
080 _a664.8/.9
080 _a637.5
080 _a005.6
080 _a(083.1)
245 0 0 _aZalecany międzynarodowy kodeks dobrej praktyki dla ryb wędzonych :
_bCAC/RCP 25-1979 /
_coprac. i przygot. w Zakładzie Technologii i Mechanizacji Przetwórstwa Morskiego Instytutu w Gdyni.
246 1 _aRyby wędzone
260 _aGdynia :
_bMIR,
_c1991.
300 _c30 cm
336 _2rdacontent
_aTekst
_btxt
337 _2rdamedia
_aBez urządzenia pośredniczącego
_bn
338 _2rdacarrier
_aWolumin
_bnc
380 _aKsiążki
388 _a1901-2000
388 _a1989-2000
490 1 _aWspólny Program Standaryzacji Żywności FAO/WHO / Komisja Codex Alimentarius
650 7 _aDobre praktyki
650 7 _aJakość żywności
650 7 _aPrzemysł rybny
650 7 _aRyby
655 _aInstrukcja
658 _aRolnictwo i leśnictwo
658 _aZarządzanie i marketing
710 2 _aMorski Instytut Rybacki
_4pbl
830 0 _aWspólny Program Standaryzacji Żywności FAO/WHO (Komisja Codex Alimentarius)
856 _uhttp://koha.tu.koszalin.pl/cgi-bin/koha/opac-detail.pl?biblionumber=38705
_yKatalog online BPK
942 _cKS
_2UKD
999 _c38705
_d38705